| 000 | 00550cam a2200181 4500500 | ||
|---|---|---|---|
| 005 | 20260405002416.0 | ||
| 041 | _afre | ||
| 042 | _adc | ||
| 245 | 0 | 0 | _aLa Guerre des générations aura-t-elle lieu? |
| 260 | _c2017. | ||
| 500 | _a4 | ||
| 690 | _aÂges | ||
| 690 | _aExistence | ||
| 690 | _aGénérations | ||
| 690 | _aPierre-Henri Tavoillot | ||
| 786 | 0 | _nPhilosophie magazine | 107 | 3 | 2017-03-01 | p. 58-58 | 1951-1787 | |
| 856 | 4 | 1 | _uhttps://shs.cairn.info/magazine-philosophie-magazine-2017-3-page-58?lang=fr&redirect-ssocas=7080 |
| 999 |
_c2057438 _d2057438 |
||